Programming with C++ and Data Structures : An Introduction to Programming and Computer Science (Record no. 615)

MARC details
000 -LEADER
Fixed length control field 00526nam a2200169 4500
003 - CONTROL NUMBER IDENTIFIER
Control field SEACOMMC
005 - DATE AND TIME OF LATEST TRANSACTION
Control field 20250419135705.0
008 - FIXED-LENGTH DATA ELEMENTS--GENERAL INFORMATION
Fixed length control field 240930b |||||||| |||| 00| 0 eng d
020 ## - INTERNATIONAL STANDARD BOOK NUMBER / ISBN
International Standard Book Number 81-2591-545-1
Price R.350.00
040 ## - CATALOGING SOURCE
Original cataloging agency SEACOMMC
082 ## - DEWEY DECIMAL CLASSIFICATION NUMBER
Classification number 005.43
Book Number L 782
100 ## - MAIN ENTRY--PERSONAL NAME
Personal name Litvin, M.
245 1# - TITLE STATEMENT
Title Programming with C++ and Data Structures : An Introduction to Programming and Computer Science
Statement of responsibility M. Litvin, & G Litvin
260 ## - IMPRINT
Place of publication New Delhi
Name of publisher Vikas Publishing House
Date of publication 2001
650 ## - SUBJECT ADDED ENTRY--TOPICAL TERM
Topical term Computer Science
942 ## - ADDED ENTRY ELEMENTS (KOHA)
Koha item type Books
Holdings
Withdrawn status Lost status Source of classification Damaged status Not for loan Home library Current library Date acquired Total Checkouts Call number Accession number Date last seen Price effective from Koha item type
    Dewey Decimal Classification     SEACOM MANAGEMENT COLLEGE SEACOM MANAGEMENT COLLEGE 04/10/2007   005.43 L 782 M-383 30/09/2024 30/09/2024 Books
© Seacom Engineering College, All rights reserved.    Powered by Koha